Loading...
| Science - Chemistry | 0 | 7 | 1 | 0 | 65 | 86 | 116.43 | 0 | 0 | 3.79 | 21.49 |
| Fine Arts - Painting & Sculpture | 0 | 6 | 0 | 0 | 60 | 104 | 115.67 | 0 | 1 | 6.10 | 24.21 |
| Fine Arts - Other | 0 | 5 | 0 | 1 | 50 | 101 | 119.60 | 0 | 0 | 5.16 | 14.88 |
| Social Science | 0 | 4 | 1 | 0 | 35 | 83 | 113.25 | 0 | 0 | 2.87 | 10.83 |
| Literature - American | 0 | 3 | 0 | 0 | 30 | 105 | 126.00 | 0 | 0 | 3.10 | 9.14 |
| Other Academic | 0 | 2 | 0 | 0 | 20 | 128 | 131.50 | 0 | 0 | 0.09 | 2.59 |
| Literature - World | 0 | 2 | 0 | 0 | 20 | 111 | 122.50 | 0 | 0 | 2.16 | 5.54 |
| Fine Arts - Classical Music | 0 | 2 | 1 | 0 | 15 | 116 | 132.00 | 0 | 0 | 0.86 | 2.61 |
| Science - Other | 0 | 1 | 0 | 1 | 10 | 130 | 130.00 | 0 | 0 | 0.00 | 0.49 |
| Philosophy | 0 | 1 | 0 | 1 | 10 | 136 | 136.00 | 0 | 0 | 0.00 | 0.29 |
| Religion | 0 | 1 | 0 | 0 | 10 | 131 | 131.00 | 0 | 0 | -0.05 | 0.98 |
| Science - Biology | 0 | 1 | 0 | 0 | 10 | 133 | 133.00 | 0 | 0 | 0.04 | 4.09 |
| Literature - European | 0 | 1 | 0 | 0 | 10 | 98 | 98.00 | 0 | 1 | 2.21 | 4.94 |
| Mythology | 0 | 0 | 0 | 0 | 0 | 0.00 | 0 | 0 | 0.00 | 0.00 | |
| Science - Physics | 0 | 1 | 2 | 0 | 0 | 122 | 122.00 | 0 | 0 | 0.23 | 1.41 |
| Literature - British | 0 | 0 | 1 | 0 | -5 | 0.00 | 0 | 0 | 0.00 | 0.00 |